Farsçadan Türkçeye Geçen Kelimeler - Statistics

General Stats
  • This quiz has been taken 21 times
  • The average score is 8 of 10
Answer Stats
Türkçede anlamı Kelime % Correct
Para, kimlik ve kartları taşımak için kullanılan küçük deri veya kumaş eşya. Cüzdan
100%
İlaçların satıldığı ve sağlıkla ilgili danışmanlık verilen yer. Eczane
100%
İnsanların sağlık sorunlarının tedavi edildiği, doktor ve hemşirelerin çalıştığı sağlık kurumu. Hastane
95%
Kitap ve diğer bilgi kaynaklarının toplandığı, ödünç alınabildiği veya okunabildiği yer. Kütüphane
95%
Kamp veya geçici barınma amacıyla kurulan taşınabilir örtülü yapı. Çadır
90%
Süt veya süt ürünlerinden yapılan, yiyecek olarak tüketilen gıda. Peynir
90%
Mal ve hizmetlerin alım satımında kullanılan değişim aracı, ödeme birimi. Para
75%
Sebze veya meyve yetiştirilen bahçe. Bostan
55%
Cesareti ve yiğitliğiyle tanınan, toplum veya millet için örnek olan kişi. Kahraman
55%
Eşyaları taşımak veya saklamak için kullanılan, genellikle örülmüş kap. Sepet
45%
No matching quizzes found
Score Distribution
Percent of People with Each Score
Percentile by Number Answered
Your Score History
You have not taken this quiz